| 000 | 00836nam a2200241 a 4500 | ||
|---|---|---|---|
| 005 | 20231128063625.0 | ||
| 008 | 991125s1984 mx 000 0 spa u | ||
| 020 | _a9681617142 | ||
| 035 | _aUPN01000026655 | ||
| 040 |
_aMX-MxUPN _bspa _cMX-MxUPN |
||
| 050 | 4 |
_aPQ7104 _bL5 no.52 |
|
| 100 | 1 | _aPowell, Phillip W. | |
| 245 | 1 | 3 |
_aLa guerra chichimeca (1550-1600) / _cPhillip W. Powell ; traducción de Juan José Utrilla. |
| 250 | _aPrimera edición | ||
| 260 |
_aMéxico : _bFondo de Cultura Económica : _bSecretaría de Educación Pública, Subsecretaría de Cultura, _c1984. |
||
| 300 | _a308 págnas | ||
| 490 |
_aLecturas mexicanas ; _v52 |
||
| 650 | 2 |
_aChichimecas _913390 |
|
| 650 | 4 |
_aIndígenas de México _xAlfarería _916 |
|
| 650 | 2 |
_aLiteratura mexicana _vColecciones _99428 |
|
| 905 | _aLibro | ||
| 942 |
_2lcc _cLIBRO |
||
| 999 |
_c26655 _d26655 |
||